[Event "Montpellier op"]
[Site "Montpellier"]
[Date "2007.12.28"]
[Round "5"]
[White "Bouguerra, Tayeb"]
[Black "Casier, Remi"]
[Result "1-0"]
[WhiteElo "2018"]
[BlackElo "1928"]
[PlyCount "85"]
[EventDate "2007.12.26"]
[EventType "swiss"]
[EventRounds "7"]
[EventCountry "FRA"]
[SourceTitle "CBM 122 Extra"]
[Source "ChessBase"]
[SourceDate "2008.03.04"]
[SourceVersion "1"]
[SourceVersionDate "2008.03.04"]
[SourceQuality "1"]

1. f4 d5 2. e3 Nf6 3. Nf3 Bg4 4. d4 e6 5. Nbd2 c5 6. Bb5+ Nbd7 7. c3 a6 8. Bd3 Bd6 9. 0-0 Qc7 10. Qe1 Bf5 11. Bxf5 exf5 12. Ne5 Ne4 13. Nxe4 fxe4 14. b3 f6 15. Nxd7 Qxd7 16. Qe2 0-0-0 17. dxc5 Bxc5 18. b4 Ba7 19. Bb2 Qb5 20. c4 dxc4 21. Rfc1 Rd3 22. Bd4 Bxd4 23. exd4 Qd5 24. Kh1 Qxd4 25. h3 f5 26. a4 Kb8 27. a5 Rc8 28. Rab1 Rd2 29. Qh5 c3 30. Kh2 c2 31. Qxf5 Qc3 32. Ra1 e3 33. b5 axb5 34. a6 bxa6 35. Rxa6 Qc5 36. Qe6 Kb7 37. Rca1 Rc6 38. Qf7+ Rc7 39. Qg8 Rc8 40. Qxg7+ Rc7 41. Qh8 Rxg2+ 42. Kxg2 Qd5+ 43. Kg3 1-0

[Event "FRA-ch op-B"]
[Site "Aix les Bains"]
[Date "2007.08.17"]
[Round "4"]
[White "Robert Dehault, Etienne"]
[Black "Casier, Remi"]
[Result "1-0"]
[WhiteElo "1950"]
[BlackElo "1895"]
[PlyCount "65"]
[EventDate "2007.08.13"]
[EventType "swiss"]
[EventRounds "11"]
[EventCountry "FRA"]
[SourceTitle "CBM 120 Extra"]
[Source "ChessBase"]
[SourceDate "2007.11.01"]
[SourceVersion "1"]
[SourceVersionDate "2007.11.01"]
[SourceQuality "1"]

1. d4 Nf6 2. c4 g6 3. Nc3 Bg7 4. e4 d6 5. Nf3 0-0 6. Be2 e5 7. 0-0 Nc6 8. d5 Ne7 9. Nd2 a5 10. Rb1 Nd7 11. a3 f5 12. b4 Nf6 13. f3 f4 14. c5 g5 15. cxd6 cxd6 16. Nb5 axb4 17. Nc4 Ne8 18. Qb3 h5 19. Qxb4 Rf6 20. Nc3 g4 21. Nb6 Rb8 22. Nxc8 Qxc8 23. Nb5 g3 24. h3 Qc5+ 25. Qxc5 dxc5 26. Bb2 Rg6 27. Rfd1 Nc8 28. Ba1 Ncd6 29. Nxd6 Rxd6 30. Rdc1 Ra8 31. Rxc5 Rxa3 32. Rc8 Kf7 33. Bb5 1-0

[Event "La Fere op 5th"]
[Site "La Fere"]
[Date "2006.07.13"]
[Round "8"]
[White "Lonnoy, Remi"]
[Black "Casier, Remi"]
[Result "1-0"]
[WhiteElo "1985"]
[BlackElo "1833"]
[PlyCount "125"]
[EventDate "2006.07.08"]
[EventType "swiss"]
[EventRounds "9"]
[EventCountry "FRA"]
[SourceTitle "CBM 113 Extra"]
[Source "ChessBase"]
[SourceDate "2006.09.14"]
[SourceVersion "1"]
[SourceVersionDate "2006.09.14"]
[SourceQuality "1"]

1. d4 Nf6 2. c4 g6 3. Nc3 Bg7 4. e4 d6 5. f4 0-0 6. Nf3 c5 7. d5 Nbd7 8. Be2 a6 9. a4 Qa5 10. 0-0 Ng4 11. Bd2 Qb6 12. h3 Nh6 13. Qc1 Kh8 14. g4 f6 15. f5 g5 16. Be1 Rg8 17. Bg3 Ne5 18. Bxe5 dxe5 19. Qd2 Nf7 20. a5 Qc7 21. Na4 Bd7 22. Nb6 Rad8 23. b4 Rge8 24. Qe3 cxb4 25. c5 Rg8 26. Rab1 Be8 27. Rxb4 Bf8 28. Rc1 h5 29. Kg2 Nh6 30. Nd2 Bb5 31. Bxb5 axb5 32. Qe2 Rg7 33. Rxb5 Rh7 34. Rbb1 hxg4 35. hxg4 Nf7 36. Nb3 Rh4 37. Rh1 Bh6 38. Kg3 Rg8 39. Qb5 Nd6 40. Qd3 Nc8 41. Rh2 Rg7 42. Rbh1 Rh7 43. Nxc8 Qxc8 44. Qb5 Kg8 45. Nd2 Bf8 46. Nf3 Rxh2 47. Rxh2 Rxh2 48. Kxh2 e6 49. fxe6 Qxc5 50. Qxc5 Bxc5 51. Nd2 Kf8 52. Nc4 Ke7 53. Kg2 Bd4 54. Kf3 Bc5 55. Ke2 Bb4 56. Kd3 Bc5 57. Kc2 Bf2 58. Kd3 Bc5 59. Kc3 Bd4+ 60. Kb4 Bf2 61. Nb6 Kd8 62. d6 Ke8 63. Nd5 1-0

[Event "La Fere op 5th"]
[Site "La Fere"]
[Date "2006.07.12"]
[Round "7"]
[White "Casier, Remi"]
[Black "Lebon, Joffrey"]
[Result "1/2-1/2"]
[WhiteElo "1833"]
[BlackElo "1982"]
[PlyCount "44"]
[EventDate "2006.07.08"]
[EventType "swiss"]
[EventRounds "9"]
[EventCountry "FRA"]
[SourceTitle "CBM 113 Extra"]
[Source "ChessBase"]
[SourceDate "2006.09.14"]
[SourceVersion "1"]
[SourceVersionDate "2006.09.14"]
[SourceQuality "1"]

1. d4 Nf6 2. c4 e6 3. Nf3 c5 4. Nc3 cxd4 5. Nxd4 Be7 6. Bf4 a6 7. e3 d6 8. Bg3 0-0 9. Bd3 Re8 10. Qc2 Nbd7 11. Ne4 Nf8 12. 0-0 Nh5 13. Rae1 e5 14. Ne2 f5 15. Nxd6 Bxd6 16. Bxf5 Bxf5 17. Qxf5 Nxg3 18. fxg3 Qd7 19. Qf3 Ng6 20. Rd1 Qc7 21. Qd5+ Kh8 22. Qxd6 Qxc4 1/2-1/2

[Event "La Fere op 5th"]
[Site "La Fere"]
[Date "2006.07.11"]
[Round "5"]
[White "Casier, Remi"]
[Black "Lonnoy, Simon"]
[Result "1/2-1/2"]
[WhiteElo "1833"]
[BlackElo "1640"]
[PlyCount "57"]
[EventDate "2006.07.08"]
[EventType "swiss"]
[EventRounds "9"]
[EventCountry "FRA"]
[SourceTitle "CBM 113 Extra"]
[Source "ChessBase"]
[SourceDate "2006.09.14"]
[SourceVersion "1"]
[SourceVersionDate "2006.09.14"]
[SourceQuality "1"]

1. d4 d5 2. c4 e6 3. Nc3 Nf6 4. Bg5 Be7 5. Nf3 b6 6. e3 h6 7. Bh4 Bb7 8. Rc1 Nbd7 9. cxd5 Nxd5 10. Nxd5 Bxd5 11. Bxe7 Kxe7 12. a3 Re8 13. b4 Kf8 14. Qc2 Bb7 15. Bb5 c6 16. Bxc6 Rc8 17. b5 Nb8 18. Qa4 Re7 19. 0-0 Bxc6 20. bxc6 Rec7 21. Ne5 f6 22. Ng6+ Kf7 23. Nf4 Nxc6 24. Qb3 Qd7 25. d5 exd5 26. Qxd5+ Qxd5 27. Nxd5 Rd7 28. e4 Rdd8 29. Ne3 1/2-1/2